Working but can't afford to buy? (Record no. 118133)

MARC details
000 -LEADER
fixed length control field 01290cam a2200217 4500
001 - CONTROL NUMBER
control field WB@3612-505
008 - FIXED-LENGTH DATA ELEMENTS--GENERAL INFORMATION
fixed length control field 041007n2004 000 0 eng u
035 ## - SYSTEM CONTROL NUMBER
System control number (Sirsi) u127650
245 ## - TITLE STATEMENT
Title Working but can't afford to buy?
260 ## - PUBLICATION, DISTRIBUTION, ETC.
Date of publication, distribution, etc. 2004
490 ## - SERIES STATEMENT
Series statement Joseph Rowntree Foundation Press Release
Volume/sequential designation (024) October 2004 (11)
520 ## - SUMMARY, ETC.
Summary, etc. An updated study based on the 2002 report "Can work: can't buy", has revealed that affordability issues now affect the southwest England and not just London and the southeast. The study provides a range of analyses of the difficulties of working households aged 20 to 39 face in accessing home ownership in every area of England at the end of 2003. It is based on local prices for two and three bedroom dwellings. It found that access to home ownership is most problematic in London, where the ratio of average house price to household gross earned income is 4.69 to 1. In the southwest of England the ration is 4.66 to 1. Full details can be found at: http://www.jrf.org.uk/home.asp. http://www.jrf.org.uk/knowledge/findings/housing/0 24.asp
590 ## - LOCAL NOTE (RLIN)
Local note WB
590 ## - LOCAL NOTE (RLIN)
Local note WB
650 ## - SUBJECT ADDED ENTRY--TOPICAL TERM
Topical term or geographic name entry element AFFORDABILITY
650 ## - SUBJECT ADDED ENTRY--TOPICAL TERM
Topical term or geographic name entry element HOME OWNERSHIP
650 ## - SUBJECT ADDED ENTRY--TOPICAL TERM
Topical term or geographic name entry element HOUSING SUPPLY
650 ## - SUBJECT ADDED ENTRY--TOPICAL TERM
Topical term or geographic name entry element FIRST-TIME BUYERS
690 ## - LOCAL SUBJECT ADDED ENTRY--TOPICAL TERM (OCLC, RLIN)
Topical term or geographic name as entry element HOUSING-MARKET
942 ## - ADDED ENTRY ELEMENTS (KOHA)
Suppress in OPAC 0
Holdings
Withdrawn status Lost status Source of classification or shelving scheme Damaged status Not for loan Home library Current library Shelving location Date acquired Total Checkouts Full call number Barcode Date last seen Copy number Price effective from Koha item type
    Dewey Decimal Classification     London London News article 07/10/2004   WB4038-13 127650-1001 06/08/2019 1 06/08/2019 News article